000
00290nam a2200121Ia 4500
008
190216s9999||||xx |||||||||||||| ||und||
100
_a
Agarwal Op
245
0
_a
Chemistry Of Organic Natural Products
260
_b
Goel Pub House
_c
1982
300
_a
494p
650
_a
Chemistry
942
_c
BK
999
_c
2569
_d
2569